LDR 00642naa#a2200181#i#450# 001 EN\\bibl\118785 005 20260514192926.4 011 ## _a1994-4683 100 ## _a20230428b2023####ek#y0engy0150####ca 102 ## _aRU 200 1# _aON THE QUESTION OF PSYCHOLOGICAL READINESS OF A TEACHER TO WORK IN DIGITAL EDUCATIONAL ENVIRONMENT _eJournal article 210 1# _aMoscow _cNational State University of Physical Education, Sports and Health named after P.F. Lesgaft _d2023 215 ## _a4 с. 608 ## _aJournal article _2local 675 ## _aПсихология. 159.9 _z 700 #1 _aDzhasheev _gT I 700 #1 _aUrusova _gA M 856 4# _auchzapiski.lesgaft.spb.ru _u